000 00749nam a2200229Ia 4500
005 20241001104913.0
008 210716s2001 xx 000 0 und d
020 _a0074634542
040 _cAIMIT LIBRARY
041 _aeng
082 _a005.1331 VENK
100 _aVenugopal, K R.
_9171776
245 _aMastering c++ /
_cBy K R Venugopl ; Buyya, Rajkumar and Ravishankar T.
250 _a1st ed.
260 _aNew Delhi ;
_bTata McGraw Hill Publishing Company Ltd ,
_c2001.
300 _axx,804p.
_bPB
_c23 cm.
650 _aObject oriented paradigm
_9171777
650 _aModular programming with functions
_9171778
700 _aBuyya, Rajkumar.
_9171779
700 _aRavishankar, T.
_9171780
942 _2ddc
_cBK
_e1st ed.
_k005.1331 VENK
999 _c184452
_d184452